000 01159nam a22002775a 4500
999 _c27066
_d27038
003 EG-ScBUE
005 20190203110833.0
008 190203s2011 ua frb 000 0 ara d
017 _a2007 / 21807
020 _a9771751328
040 _aEG-ScBUE
_bara
_cEG-ScBUE
_dEG-ScBUE
043 _af-ua---
082 0 4 _a345.620277
_bس ك ي
_222
100 1 _aسكيكر، محمد علي.
245 1 2 _aالوجيز في جرائم المخدرات :
_b(تشريعات - تعليمات - تطبيقات - قيود و أوصاف - أحكام النقض و الدستورية العليا) /
_cمحمد علي سكيكر.
260 _a[القاهرة] :
_bنادي القضاة،
_c2011.
300 _a331 ص. ؛
_c24 سم.
504 _aيشتمل على إرجاعات ببليوجرافية.
541 _aد. أحمد حمد ؛
_cإهداء ؛
610 1 7 _aمصر.
_bمحكمة النقض.
_2BUEsh
_940940
610 1 7 _aمصر.
_bالمحكمة الدستورية العليا.
_2BUEsh
_941178
650 7 _aالمخدرات
_xقوانين وتشريعات
_zمصر.
_2BUEsh
_941055
651 _2BUEsh
653 _bLLAAWW
_cFebruary2019
942 _2ddc